Aspects of peacekeeping / (Record no. 25494)
[ view plain ]
| 000 -LEADER | |
|---|---|
| fixed length control field | 00911cam a22002775a 4500 |
| 001 - CONTROL NUMBER | |
| control field | 12039039 |
| 005 - DATE AND TIME OF LATEST TRANSACTION | |
| control field | 20171019140438.0 |
| 008 - FIXED-LENGTH DATA ELEMENTS--GENERAL INFORMATION | |
| fixed length control field | 000613s2001 enk frb 001 0 eng d |
| 020 ## - INTERNATIONAL STANDARD BOOK NUMBER | |
| International Standard Book Number | 9780714681016 |
| 040 ## - CATALOGING SOURCE | |
| Original cataloging agency | DLC |
| Transcribing agency | DLC |
| Modifying agency | DLC |
| -- | EG-ScBUE |
| Language of cataloging | eng |
| 082 04 - DEWEY DECIMAL CLASSIFICATION NUMBER | |
| Classification number | 341.584 |
| Edition number | 22 |
| Item number | ASP |
| 245 00 - TITLE STATEMENT | |
| Title | Aspects of peacekeeping / |
| Statement of responsibility, etc | edited by D. S. Gordon and F. H. Toase. |
| 260 ## - PUBLICATION, DISTRIBUTION, ETC. (IMPRINT) | |
| Place of publication, distribution, etc | London ; |
| -- | Portland : |
| Name of publisher, distributor, etc | Frank Cass, |
| Date of publication, distribution, etc | 2001. |
| 300 ## - PHYSICAL DESCRIPTION | |
| Extent | xxix, 286 p. ; |
| Dimensions | 24 cm. |
| 490 0# - Series Statement | |
| Series statement | The Sandhurst Conference series |
| 504 ## - BIBLIOGRAPHY, ETC. NOTE | |
| Bibliography, etc | Includes bibliographical references and index. |
| 650 #7 - SUBJECT ADDED ENTRY--TOPICAL TERM | |
| Topical term or geographic name as entry element | Peacekeeping forces. |
| Source of heading or term | BUEsh |
| 9 (RLIN) | 5142 |
| 650 #7 - SUBJECT ADDED ENTRY--TOPICAL TERM | |
| Topical term or geographic name as entry element | Peace-building. |
| Source of heading or term | BUEsh |
| 9 (RLIN) | 4585 |
| 650 #7 - SUBJECT ADDED ENTRY--TOPICAL TERM | |
| Topical term or geographic name as entry element | Humanitarian intervention. |
| Source of heading or term | BUEsh |
| 9 (RLIN) | 15795 |
| 651 ## - SUBJECT ADDED ENTRY--GEOGRAPHIC NAME | |
| Source of heading or term | BUEsh |
| 653 ## - INDEX TERM--UNCONTROLLED | |
| Resource For college | BAEPS, Political Science |
| Arrived date list | October2017 |
| 655 ## - INDEX TERM--GENRE/FORM | |
| Form subdivision | Text book |
| -- | 33728 |
| 700 1# - ADDED ENTRY--PERSONAL NAME | |
| Personal name | Gordon, D. S., |
| Fuller form of name | (D. Stuart) |
| Relator term | editor. |
| 700 1# - ADDED ENTRY--PERSONAL NAME | |
| Personal name | Toase, F. H., |
| Relator term | editor. |
| 942 ## - ADDED ENTRY ELEMENTS (KOHA) | |
| Source of classification or shelving scheme | Dewey Decimal Classification |
| Withdrawn status | Item status | Source of classification or shelving scheme | Damaged status | Not for loan | Vendor | Home library | Current library | Shelving location | Date acquired | Source of acquisition | Cost, normal purchase price | Total Checkouts | Full call number | Barcode | Date last seen | Koha item type | Date last borrowed | Total Renewals |
|---|---|---|---|---|---|---|---|---|---|---|---|---|---|---|---|---|---|---|
| Dewey Decimal Classification | Baccah | Central Library | Central Library | First floor | 19/10/2017 | Purchase | 550.00 | 341.584 ASP | 000042180 | 15/07/2025 | NB - Book (Non borrowing) | |||||||
| Dewey Decimal Classification | Baccah | Central Library | Central Library | First floor | 19/10/2017 | Purchase | 550.00 | 341.584 ASP | 000042181 | 15/07/2025 | NB - Book (Non borrowing) | |||||||
| Dewey Decimal Classification | Baccah | Central Library | Central Library | First floor | 19/10/2017 | Purchase | 550.00 | 1 | 341.584 ASP | 000042182 | 15/07/2025 | Book - Borrowing | 30/09/2018 | |||||
| Dewey Decimal Classification | Baccah | Central Library | Central Library | First floor | 19/10/2017 | Purchase | 2 | 341.584 ASP | 000042183 | 15/07/2025 | Book - Borrowing | 12/12/2018 | 26 | |||||
| Dewey Decimal Classification | Baccah | Central Library | Central Library | First floor | 19/10/2017 | Purchase | 2 | 341.584 ASP | 000042184 | 15/07/2025 | Book - Borrowing | 11/02/2025 | 3 |